[Event "51st National Challengers (National â€˜Bâ€™) Chess Cha"]
[Site "Bhopal, Madhya Pradesh-India"]
[Date "2013.10.15"]
[Round "5"]
[Board "20"]
[White "Stany, G.A."]
[Black "Koshy, Varugeese"]
[Result "1-0"]
[WhiteElo "2388"]
[BlackElo "2245"]
[PlyCount "37"]
[EventDate "2013.10.12"]
[EventRounds "13"]
[EventCountry "IND"]

1. f4 g6 2. Nf3 Bg7 3. g3 d6 4. d3 c5 5. Bg2 Nc6 6. c3 e5 7. O-O Nge7 8. fxe5
Nxe5 9. Nxe5 Bxe5 10. Qa4+ Nc6 11. Bh6 Qb6 12. Nd2 Be6 13. Nc4 Qc7 14. Nxe5
dxe5 15. Qh4 Rg8 16. Be3 Ne7 17. Qa4+ Kd8 18. Qb5 Rc8 19. Qxb7 1-0

[Event "51st National Challengers (National â€˜Bâ€™) Chess Cha"]
[Site "Bhopal, Madhya Pradesh-India"]
[Date "2013.10.15"]
[Round "5"]
[Board "21"]
[White "Akash Pc, Iyer"]
[Black "Das, Sayantan"]
[Result "1/2-1/2"]
[WhiteElo "2206"]
[BlackElo "2366"]
[PlyCount "100"]
[EventDate "2013.10.12"]
[EventRounds "13"]
[EventCountry "IND"]

1. d4 d5 2. c4 e6 3. Nc3 Bb4 4. a3 Bxc3+ 5. bxc3 c5 6. e3 Ne7 7. Nf3 Qc7 8.
cxd5 exd5 9. Be2 O-O 10. O-O Bg4 11. a4 Nd7 12. Ba3 Rfe8 13. Rb1 c4 14. Rb5 Nf6
15. Ne5 Bxe2 16. Qxe2 Nc6 17. Nxc6 Qxc6 18. Rfb1 Ne4 19. Qc2 Rab8 20. Bc5 Qa6
21. Ba3 Nf6 22. Qb2 h5 23. Qb4 h4 24. h3 b6 25. Qb2 Rbd8 26. a5 bxa5 27. Rb7
Ne4 28. Be7 Ra8 29. Bxh4 a4 30. Be7 Qc6 31. Ba3 Qg6 32. Qc2 Qc6 33. Qb2 Qe6 34.
Qc2 Qa6 35. Kh2 Qa5 36. Bb4 Qd8 37. Ba3 Rb8 38. Qxa4 Rxb7 39. Rxb7 Nxf2 40. Qd7
Qxd7 41. Rxd7 Rxe3 42. Bb4 Ne4 43. Rxd5 Nxc3 44. Rc5 Ne2 45. Rxc4 Re4 46. Bc5
a6 47. Ra4 f5 48. Rxa6 Nxd4 49. Bxd4 Rxd4 50. Ra5 g6 1/2-1/2

[Event "51st National Challengers (National â€˜Bâ€™) Chess Cha"]
[Site "Bhopal, Madhya Pradesh-India"]
[Date "2013.10.15"]
[Round "5"]
[Board "22"]
[White "Sekar, B"]
[Black "Krishna, C.R.G."]
[Result "0-1"]
[WhiteElo "2149"]
[BlackElo "2340"]
[PlyCount "60"]
[EventDate "2013.10.12"]
[EventRounds "13"]
[EventCountry "IND"]

1. e4 e6 2. d4 d5 3. e5 c5 4. c3 Bd7 5. Nf3 Nc6 6. Be2 Nge7 7. O-O Rc8 8. Re1
Qb6 9. dxc5 Qxc5 10. Nbd2 Qb6 11. Nb3 Ng6 12. Bd3 Be7 13. g3 O-O 14. h4 Rfe8
15. h5 Nf8 16. Nh2 f6 17. exf6 Bxf6 18. Ng4 e5 19. Nxf6+ gxf6 20. Qf3 Ne7 21.
Be3 Qd6 22. Bc5 Qe6 23. Nd4 Qf7 24. Bxe7 Rxe7 25. Nf5 Bxf5 26. Bxf5 Rd8 27.
Rad1 Kh8 28. Bc2 e4 29. Qf4 Ne6 30. Qh4 Ng5 0-1

[Event "51st National Challengers (National â€˜Bâ€™) Chess Cha"]
[Site "Bhopal, Madhya Pradesh-India"]
[Date "2013.10.15"]
[Round "5"]
[Board "24"]
[White "Lahiri, Atanu"]
[Black "Shantharam, K.V."]
[Result "1/2-1/2"]
[WhiteElo "2325"]
[BlackElo "2167"]
[PlyCount "57"]
[EventDate "2013.10.12"]
[EventRounds "13"]
[EventCountry "IND"]

1. e4 d5 2. exd5 Qxd5 3. Nc3 Qd6 4. d4 Nf6 5. Nf3 c6 6. Ne5 Nbd7 7. Nc4 Qc7 8.
Qf3 Nb6 9. Ne5 Be6 10. Bd3 g6 11. h4 Bg7 12. Bf4 Qd8 13. O-O-O Nbd5 14. Nxd5
Qxd5 15. Qxd5 Bxd5 16. f3 Nh5 17. Bd2 Ng3 18. Rhe1 Be6 19. c3 Bxa2 20. Bc4 Bxc4
21. Nxc4 Kd7 22. Bf4 Nf5 23. h5 gxh5 24. g3 b5 25. Nd2 Nd6 26. Rh1 Ne8 27. Ne4
Nf6 28. Nxf6+ Bxf6 29. Rxh5 1/2-1/2

[Event "51st National Challengers (National â€˜Bâ€™) Chess Cha"]
[Site "Bhopal, Madhya Pradesh-India"]
[Date "2013.10.15"]
[Round "5"]
[Board "27"]
[White "Prasannaa.S, "]
[Black "Abhishek, Kelkar"]
[Result "1/2-1/2"]
[WhiteElo "2171"]
[BlackElo "2291"]
[PlyCount "31"]
[EventDate "2013.10.12"]
[EventRounds "13"]
[EventCountry "IND"]

1. c4 Nf6 2. Nc3 g6 3. e4 d6 4. d4 Bg7 5. Nf3 O-O 6. h3 e5 7. d5 Na6 8. Bg5 h6
9. Be3 Nc5 10. Nd2 a5 11. g4 c6 12. Be2 a4 13. Qc2 Qa5 14. O-O Bd7 15. f4 exf4
16. Bxf4 1/2-1/2

[Event "51st National Challengers (National â€˜Bâ€™) Chess Cha"]
[Site "Bhopal, Madhya Pradesh-India"]
[Date "2013.10.16"]
[Round "6"]
[Board "1"]
[White "Thejkumar, M. S."]
[Black "Vishnu, Prasanna. V"]
[Result "1-0"]
[WhiteElo "2421"]
[BlackElo "2496"]
[PlyCount "113"]
[EventDate "2013.10.12"]
[EventRounds "13"]
[EventCountry "IND"]

1. d4 Nf6 2. Nf3 g6 3. c4 Bg7 4. Nc3 O-O 5. e4 d6 6. Be2 e5 7. O-O Nc6 8. d5
Ne7 9. b4 Nh5 10. g3 h6 11. Nd2 Nf6 12. c5 Ne8 13. a4 Bh3 14. Re1 f5 15. a5 f4
16. Ba3 g5 17. Nc4 Ng6 18. Bg4 Bxg4 19. Qxg4 Rf6 20. a6 b6 21. Nb5 Bf8 22. Rac1
Ng7 23. cxd6 cxd6 24. Nd2 Rf7 25. Rc6 h5 26. Qe2 g4 27. Rec1 Ne8 28. R1c3 Bh6
29. Nc4 Rf6 30. Nd2 h4 31. Bc1 hxg3 32. Qxg4 gxf2+ 33. Kxf2 Kh7 34. Rc8 Rxc8
35. Qxc8 Qe7 36. Qb7 Rf7 37. Qxe7 Rxe7 38. Rc8 Kg7 39. Nc4 Nf6 40. Ncxd6 Nh4
41. h3 Kh7 42. Ra8 Rg7 43. Rxa7 Nd7 44. Rxd7 Rxd7 45. a7 Rd8 46. Nc7 Rg8 47.
a8=Q Rg2+ 48. Kf1 Rh2 49. Ne6 Rh1+ 50. Kf2 Rh2+ 51. Kg1 Nf3+ 52. Kf1 Rc2 53.
Qb7+ Kg8 54. Qf7+ Kh8 55. Qe8+ Kh7 56. Qf7+ Kh8 57. Qh5 1-0

[Event "51st National Challengers (National â€˜Bâ€™) Chess Cha"]
[Site "Bhopal, Madhya Pradesh-India"]
[Date "2013.10.16"]
[Round "6"]
[Board "3"]
[White "Debashis, Das"]
[Black "Ashwin, Jayaram"]
[Result "1/2-1/2"]
[WhiteElo "2497"]
[BlackElo "2461"]
[PlyCount "66"]
[EventDate "2013.10.12"]
[EventRounds "13"]
[EventCountry "IND"]

1. c4 Nf6 2. Nc3 e5 3. g3 Bb4 4. Bg2 O-O 5. e4 a6 6. Nge2 b5 7. d3 d6 8. O-O
bxc4 9. dxc4 h6 10. Nd5 Nxd5 11. Qxd5 Ra7 12. Be3 Be6 13. Qd3 Rb7 14. Rfd1 Nd7
15. b3 a5 16. Nc3 Bc5 17. Na4 Bxe3 18. Qxe3 Rb4 19. Rac1 Qb8 20. c5 Rxa4 21.
bxa4 Nxc5 22. Rb1 Qa8 23. Rb5 Bc4 24. Rxc5 dxc5 25. Qxc5 Bxa2 26. Qxc7 Bb3 27.
Ra1 Rc8 28. Qxe5 Qa7 29. Qf5 Be6 30. Qf3 Qd4 31. Qd1 Qxd1+ 32. Rxd1 Rc4 33. f4
g6 1/2-1/2

[Event "51st National Challengers (National â€˜Bâ€™) Chess Cha"]
[Site "Bhopal, Madhya Pradesh-India"]
[Date "2013.10.16"]
[Round "6"]
[Board "4"]
[White "Navin, Kanna T.U."]
[Black "Adhiban, B."]
[Result "1/2-1/2"]
[WhiteElo "2358"]
[BlackElo "2587"]
[PlyCount "119"]
[EventDate "2013.10.12"]
[EventRounds "13"]
[EventCountry "IND"]

1. e4 c5 2. Na3 d6 3. c3 Nf6 4. g3 Nc6 5. Bg2 Bg4 6. f3 Bd7 7. d4 cxd4 8. cxd4
g6 9. Ne2 Bg7 10. Be3 O-O 11. O-O Nb4 12. Qd2 a5 13. Rfc1 d5 14. e5 Ne8 15. Nc2
Qb6 16. Nxb4 axb4 17. Nf4 Nc7 18. Rxc7 Qxc7 19. Nxd5 Qd8 20. Qxb4 e6 21. Nb6
Ra6 22. Nxd7 Qxd7 23. f4 b5 24. a3 Rc8 25. Qb3 Bf8 26. Bf1 Ra5 27. Rd1 b4 28.
axb4 Ra4 29. d5 Rxb4 30. dxe6 fxe6 31. Qxb4 Qxd1 32. Qb6 Qd5 33. Qb5 Qf3 34.
Qe2 Qxe2 35. Bxe2 Rc2 36. Bg4 Kf7 37. Bd4 Bb4 38. Bf3 Rd2 39. Bc3 Bxc3 40. bxc3
Rd3 41. Kg2 Rxc3 42. h4 Rc2+ 43. Kh3 Rf2 44. Be4 Kg7 45. Bd3 Rd2 46. Be4 Rd4
47. Bc2 Rb4 48. Bd3 Kg8 49. Bc2 Rb7 50. Be4 Rc7 51. Bd3 Kf8 52. Be4 Ke8 53. Bd3
Rc1 54. Be4 Re1 55. Bd3 Kd7 56. Bb5+ Kd8 57. Bc4 Ke7 58. Bd3 Kf7 59. Bc2 Ke7
60. Bd3 1/2-1/2

[Event "51st National Challengers (National â€˜Bâ€™) Chess Cha"]
[Site "Bhopal, Madhya Pradesh-India"]
[Date "2013.10.16"]
[Round "6"]
[Board "5"]
[White "Kunte, Abhijit"]
[Black "Sagar, Shah"]
[Result "1/2-1/2"]
[WhiteElo "2487"]
[BlackElo "2373"]
[PlyCount "50"]
[EventDate "2013.10.12"]
[EventRounds "13"]
[EventCountry "IND"]

1. d4 Nf6 2. Nf3 e6 3. c4 Bb4+ 4. Bd2 Qe7 5. g3 Nc6 6. Nc3 O-O 7. Bg2 Na5 8. b3
b6 9. O-O Bb7 10. Qc2 d5 11. cxd5 exd5 12. e3 Nc6 13. a3 Bxa3 14. Ng5 Nb4 15.
Qb1 h6 16. Nh3 Na6 17. Qd3 Nb4 18. Qb1 Na6 19. Qd3 Nb8 20. Nf4 Rd8 21. Rfe1 Bb4
22. f3 c5 23. g4 g5 24. Nfe2 Ne8 25. Ng3 Ng7 1/2-1/2

[Event "51st National Challengers (National â€˜Bâ€™) Chess Cha"]
[Site "Bhopal, Madhya Pradesh-India"]
[Date "2013.10.16"]
[Round "6"]
[Board "7"]
[White "Krishna, C.R.G."]
[Black "Karthikeyan, Murali"]
[Result "0-1"]
[WhiteElo "2340"]
[BlackElo "2444"]
[PlyCount "172"]
[EventDate "2013.10.12"]
[EventRounds "13"]
[EventCountry "IND"]

1. d4 d5 2. c4 e6 3. Nf3 Nf6 4. g3 Be7 5. Bg2 O-O 6. O-O dxc4 7. Qc2 a6 8. Qxc4
b5 9. Qc2 Bb7 10. Bd2 Be4 11. Qc1 Ra7 12. Rd1 Nbd7 13. Ba5 Qc8 14. b4 Nb8 15.
Nbd2 Bd5 16. Ne5 Bxg2 17. Kxg2 Bd6 18. Nd3 Qb7+ 19. f3 Nc6 20. Nb3 e5 21. dxe5
Nxe5 22. Nxe5 Bxe5 23. Nc5 Qc8 24. Rb1 Ra8 25. Nd3 Bd6 26. Rb2 Qe6 27. e4 Nd7
28. Bxc7 Rac8 29. Nf4 Bxf4 30. Qxf4 Qc6 31. Rc1 Qe6 32. Rbc2 h6 33. Qd2 Ne5 34.
Qd5 Nc4 35. Bf4 Qxd5 36. exd5 g5 37. Bd2 Rcd8 38. Re1 Rxd5 39. Bc1 Rfd8 40.
Ree2 f6 41. Re6 R5d6 42. Rxd6 Rxd6 43. Kf2 Kf7 44. Ke2 Ke6 45. Rc3 h5 46. h3
Rd8 47. Be3 Rg8 48. Rd3 Ra8 49. Bd2 Rg8 50. Be3 f5 51. Bc5 Rc8 52. g4 hxg4 53.
hxg4 fxg4 54. fxg4 Rh8 55. Bf2 Ne5 56. Ra3 Nxg4 57. Rxa6+ Kd5 58. Rg6 Re8+ 59.
Kf1 Re5 60. Bg3 Rf5+ 61. Ke2 Kc4 62. Rc6+ Kxb4 63. Bd6+ Ka5 64. Bc7+ Ka4 65.
Ra6+ Kb4 66. Bd6+ Kc4 67. a4 Rf2+ 68. Ke1 Rf6 69. Rb6 Re6+ 70. Kf1 Ne3+ 71. Kf2
Nf5 72. Rxb5 Nxd6 73. Rb1 Ne4+ 74. Kg2 Ra6 75. Re1 Kd4 76. Kf3 Nf6 77. Ra1 Kc4
78. Ke3 Kb4 79. Rg1 g4 80. Kf4 Rxa4 81. Kg5 Ra6 82. Rc1 Kb5 83. Rc2 Rc6 84.
Rb2+ Kc4 85. Rc2+ Kd5 86. Rd2+ Ke4 0-1

[Event "51st National Challengers (National â€˜Bâ€™) Chess Cha"]
[Site "Bhopal, Madhya Pradesh-India"]
[Date "2013.10.16"]
[Round "6"]
[Board "8"]
[White "Gagare, Shardul"]
[Black "Deshpande, Aniruddha"]
[Result "1/2-1/2"]
[WhiteElo "2443"]
[BlackElo "2270"]
[PlyCount "48"]
[EventDate "2013.10.12"]
[EventRounds "13"]
[EventCountry "IND"]

1. c4 c6 2. g3 d5 3. Nf3 Nf6 4. Bg2 g6 5. b3 Bg7 6. Bb2 O-O 7. O-O Bg4 8. d3
Nbd7 9. Nbd2 Re8 10. h3 Bxf3 11. Nxf3 e5 12. cxd5 cxd5 13. e3 Qa5 14. a3 Bf8
15. Rc1 Bd6 16. h4 Rac8 17. Rxc8 Rxc8 18. Qa1 Re8 19. Rd1 Qb5 20. b4 a5 21.
bxa5 Qxa5 22. a4 b6 23. Bh3 h5 24. d4 e4 1/2-1/2

[Event "51st National Challengers (National â€˜Bâ€™) Chess Cha"]
[Site "Bhopal, Madhya Pradesh-India"]
[Date "2013.10.16"]
[Round "6"]
[Board "9"]
[White "Praveen Kumar, C."]
[Black "Swayams, Mishra"]
[Result "1-0"]
[WhiteElo "2286"]
[BlackElo "2434"]
[PlyCount "81"]
[EventDate "2013.10.12"]
[EventRounds "13"]
[EventCountry "IND"]

1. d4 Nf6 2. c4 b6 3. Nc3 Bb7 4. e3 e6 5. Nge2 d5 6. cxd5 Nxd5 7. e4 Nxc3 8.
Nxc3 Be7 9. Be2 O-O 10. O-O Nc6 11. Be3 Bf6 12. e5 Be7 13. a3 Qd7 14. Qa4 Rfd8
15. Rad1 a6 16. Qc2 Na5 17. b4 Nc4 18. Bxc4 Qc6 19. d5 Qxc4 20. Rd4 exd5 21.
Rxc4 dxc4 22. Ne4 Bd5 23. Ng5 g6 24. Ne4 a5 25. Nf6+ Bxf6 26. exf6 axb4 27.
axb4 Be6 28. Bf4 Rd7 29. b5 h5 30. h4 Rc8 31. Re1 Kh7 32. Be3 Rd3 33. Rc1 Rcd8
34. Qb2 R3d5 35. Kh2 Rf5 36. Qb4 Rd6 37. Ra1 Rxf6 38. Ra8 Bd5 39. Bd4 Rd7 40. Qf8 g5 41. hxg5 1-0

[Event "51st National Challengers (National â€˜Bâ€™) Chess Cha"]
[Site "Bhopal, Madhya Pradesh-India"]
[Date "2013.10.16"]
[Round "6"]
[Board "10"]
[White "Kulkarni, Vikramaditya"]
[Black "Rathnakaran, K."]
[Result "0-1"]
[WhiteElo "2335"]
[BlackElo "2428"]
[PlyCount "56"]
[EventDate "2013.10.12"]
[EventRounds "13"]
[EventCountry "IND"]

1. e4 e6 2. d4 d5 3. Nc3 Nf6 4. Bg5 Be7 5. e5 Nfd7 6. Bxe7 Qxe7 7. f4 a6 8. Nf3
c5 9. g3 Nc6 10. Qd2 b5 11. Bg2 b4 12. Nd1 a5 13. O-O Ba6 14. Re1 cxd4 15. Nf2
Rc8 16. Nd3 O-O 17. f5 Bxd3 18. cxd3 exf5 19. Qf4 Nc5 20. Rad1 g6 21. Qh6 Ne6
22. h4 Rfd8 23. Re2 a4 24. Ng5 Nxg5 25. hxg5 b3 26. a3 Rd7 27. Rc1 Rdc7 28. Bf1
Nxe5 0-1

[Event "51st National Challengers (National â€˜Bâ€™) Chess Cha"]
[Site "Bhopal, Madhya Pradesh-India"]
[Date "2013.10.16"]
[Round "6"]
[Board "11"]
[White "Laxman, R.R."]
[Black "Shreyansh, Daklia"]
[Result "1-0"]
[WhiteElo "2424"]
[BlackElo "2232"]
[PlyCount "101"]
[EventDate "2013.10.12"]
[EventRounds "13"]
[EventCountry "IND"]

1. d4 d5 2. c4 c6 3. Nf3 Nf6 4. e3 e6 5. Bd3 dxc4 6. Bxc4 b5 7. Bd3 Bb7 8. e4
Nbd7 9. O-O a6 10. e5 Nd5 11. Bg5 Qb6 12. Nbd2 h6 13. Bh4 c5 14. Rc1 cxd4 15.
Nb3 g5 16. Bg3 Be7 17. Nfxd4 h5 18. h3 Nf4 19. Bxf4 gxf4 20. Qc2 Nxe5 21. Be4
Rg8 22. Kh1 Nc4 23. Qe2 Rd8 24. Rfe1 e5 25. Nf3 Kf8 26. Rg1 Bc8 27. Bd3 Be6 28.
Rc2 Bf6 29. Nc1 Qd6 30. b3 Nb6 31. Be4 Rc8 32. Rd2 Qb8 33. Nd3 Ke7 34. Nb4 Rgd8
35. Rxd8 Kxd8 36. Nxa6 Qa7 37. Qxb5 Nd7 38. Rd1 Ke7 39. Bc6 Rd8 40. Qb4+ Ke8
41. Qd6 Rc8 42. Nb8 Be7 43. Bxd7+ Qxd7 44. Qxd7+ Bxd7 45. Nxd7 e4 46. Nde5 f6
47. Ng6 Ba3 48. Re1 Kf7 49. Nfh4 Bd6 50. Nf5 Bb8 51. Nge7 1-0

[Event "51st National Challengers (National â€˜Bâ€™) Chess Cha"]
[Site "Bhopal, Madhya Pradesh-India"]
[Date "2013.10.16"]
[Round "6"]
[Board "12"]
[White "Shyam, Nikil P."]
[Black "Visakh, Nr"]
[Result "1-0"]
[WhiteElo "2412"]
[BlackElo "2218"]
[PlyCount "99"]
[EventDate "2013.10.12"]
[EventRounds "13"]
[EventCountry "IND"]

1. e4 c5 2. Nf3 d6 3. d4 cxd4 4. Nxd4 Nf6 5. f3 e5 6. Bb5+ Bd7 7. Bxd7+ Qxd7 8.
Nf5 g6 9. Ne3 Nc6 10. Nc3 Bg7 11. O-O O-O 12. Ned5 Nxd5 13. Nxd5 Ne7 14. Be3
Rfc8 15. c3 Qe6 16. Nxe7+ Qxe7 17. Qb3 Rc6 18. Rad1 b6 19. Rd5 Rac8 20. Rfd1
Bf8 21. a4 Qc7 22. Rb5 Rc4 23. Rdd5 Rc6 24. a5 Rb8 25. Rd1 Be7 26. Ra1 Bd8 27.
axb6 axb6 28. Ra4 Qc8 29. Qa2 Qd7 30. c4 Rcc8 31. b3 Qc6 32. Qd2 Ra8 33. Rbb4
Ra5 34. Qd3 Rca8 35. Rxa5 Rxa5 36. Rb5 Ra1+ 37. Kf2 Ra2+ 38. Kg1 Ra1+ 39. Kf2
Ra2+ 40. Kg3 Qd7 41. Rxe5 Bh4+ 42. Kxh4 Rxg2 43. Qf1 Rb2 44. Rb5 h5 45. Kg3 Kh7
46. h4 Qe8 47. Qd3 Qd7 48. Rxb6 g5 49. Bxg5 f6 50. e5+ 1-0

[Event "51st National Challengers (National â€˜Bâ€™) Chess Cha"]
[Site "Bhopal, Madhya Pradesh-India"]
[Date "2013.10.16"]
[Round "6"]
[Board "13"]
[White "Ravi, Teja S."]
[Black "Stany, G.A."]
[Result "1/2-1/2"]
[WhiteElo "2285"]
[BlackElo "2388"]
[PlyCount "32"]
[EventDate "2013.10.12"]
[EventRounds "13"]
[EventCountry "IND"]

1. d4 Nf6 2. c4 e6 3. g3 d5 4. Nf3 dxc4 5. Bg2 Bb4+ 6. Bd2 a5 7. O-O O-O 8. Bg5
h6 9. Bxf6 Qxf6 10. Qc2 b5 11. a4 c6 12. Nc3 Ba6 13. Ne5 Ra7 14. Bxc6 Bxc3 15.
bxc3 b4 16. Bg2 Rc8 1/2-1/2

[Event "51st National Challengers (National â€˜Bâ€™) Chess Cha"]
[Site "Bhopal, Madhya Pradesh-India"]
[Date "2013.10.16"]
[Round "6"]
[Board "14"]
[White "Akshat, Khamparia"]
[Black "Vaishali, R"]
[Result "1-0"]
[WhiteElo "2384"]
[BlackElo "1988"]
[PlyCount "88"]
[EventDate "2013.10.12"]
[EventRounds "13"]
[EventCountry "IND"]

1. b3 e5 2. Bb2 Nc6 3. e3 Nf6 4. c4 d5 5. cxd5 Nxd5 6. Nc3 Be6 7. Nf3 Be7 8.
Bb5 f6 9. O-O O-O 10. Qb1 Nxc3 11. Bxc3 Bg4 12. Bd3 h6 13. Bc4+ Kh8 14. Nh4 Bh5
15. Qf5 Qe8 16. Bd3 g6 17. Nxg6+ Bxg6 18. Qxg6 Qxg6 19. Bxg6 Bb4 20. Be4 Rad8
21. Rfd1 Rd6 22. Bxc6 Bxc3 23. dxc3 bxc6 24. Kf1 Rfd8 25. Ke2 e4 26. Rd4 f5 27.
Rad1 Kg7 28. f3 c5 29. Rxd6 cxd6 30. fxe4 fxe4 31. c4 Kf6 32. Rf1+ Kg6 33. Rf4
Re8 34. Rg4+ Kh7 35. Kf2 Re5 36. Kg3 h5 37. Rf4 Kg6 38. Rf8 d5 39. Kf4 Re6 40.
cxd5 Ra6 41. Ke5 Rxa2 42. d6 Kg7 43. d7 Kxf8 44. d8=Q+ Kg7 1-0

[Event "51st National Challengers (National â€˜Bâ€™) Chess Cha"]
[Site "Bhopal, Madhya Pradesh-India"]
[Date "2013.10.16"]
[Round "6"]
[Board "15"]
[White "Rengarajan, Srinivasan"]
[Black "Deepan, Chakkravarthy J."]
[Result "0-1"]
[WhiteElo "2156"]
[BlackElo "2476"]
[PlyCount "118"]
[EventDate "2013.10.12"]
[EventRounds "13"]
[EventCountry "IND"]

1. e4 d6 2. d4 g6 3. Nc3 Bg7 4. g3 Nc6 5. d5 Nb8 6. Bg2 Nf6 7. Nge2 O-O 8. h3
c5 9. O-O Na6 10. Be3 Rb8 11. a4 Nd7 12. Qd2 Ne5 13. Qd1 Nc4 14. Bc1 Nb4 15. b3
Na5 16. Be3 e6 17. Qd2 exd5 18. exd5 Bf5 19. Rac1 Re8 20. g4 Bxc2 21. Rxc2 Nxb3
22. Qd1 Nxc2 23. Qxc2 Nd4 24. Bxd4 cxd4 25. Nb5 Rc8 26. Qd3 a6 27. Nbxd4 Qa5
28. Rb1 Re7 29. Qb3 Bxd4 30. Nxd4 Re1+ 31. Bf1 Rxb1 32. Qxb1 Qxd5 33. Ne2 b5
34. axb5 Qxb5 35. Qa1 a5 36. Ng3 Qe5 37. Qa4 Rc1 38. Qd7 Kg7 39. Qd8 h6 40. Qa8
Ra1 41. h4 Ra4 42. Be2 Rf4 43. h5 a4 44. Bf3 Qb2 45. hxg6 fxg6 46. Qa7+ Rf7 47.
Qe3 a3 48. Bd5 a2 49. Bxa2 Qxa2 50. Qd4+ Kh7 51. g5 d5 52. gxh6 Qc4 53. Qe5 Qf4
54. Qxd5 Qxf2+ 55. Kh1 Qf3+ 56. Qxf3 Rxf3 57. Kg2 Ra3 58. Kh3 Kxh6 59. Kg4 Ra4+
0-1

[Event "51st National Challengers (National â€˜Bâ€™) Chess Cha"]
[Site "Bhopal, Madhya Pradesh-India"]
[Date "2013.10.16"]
[Round "6"]
[Board "16"]
[White "Sengupta, Deep"]
[Black "Shashikant, Kutwal"]
[Result "1-0"]
[WhiteElo "2589"]
[BlackElo "2239"]
[PlyCount "91"]
[EventDate "2013.10.12"]
[EventRounds "13"]
[EventCountry "IND"]

1. e4 c5 2. Nc3 Nc6 3. Bb5 Nd4 4. Nf3 e6 5. O-O a6 6. Bd3 Nxf3+ 7. Qxf3 Qc7 8.
Re1 Bd6 9. g3 Nf6 10. Bf1 O-O 11. d3 Be5 12. Bg2 b5 13. Qe2 Bb7 14. Nd1 d6 15.
c3 Nd7 16. f4 Bf6 17. Be3 Rac8 18. Nf2 g6 19. g4 Bg7 20. f5 exf5 21. gxf5 gxf5
22. exf5 Bxg2 23. Kxg2 Kh8 24. Rg1 Qc6+ 25. Kf1 d5 26. Re1 Rg8 27. Qh5 d4 28.
cxd4 cxd4 29. Bf4 Qd5 30. Rg3 Nf6 31. Qh4 Rce8 32. Bh6 Rxe1+ 33. Kxe1 Qxf5 34.
Bxg7+ Rxg7 35. Qxd4 Rg6 36. Ne4 Kg7 37. Ke2 h5 38. Ke3 Kh6 39. Rxg6+ Kxg6 40.
Qxf6+ Qxf6 41. Nxf6 Kxf6 42. Kf4 Ke6 43. Kg5 Ke5 44. Kxh5 Kf4 45. b4 f5 46. Kg6
1-0

[Event "51st National Challengers (National â€˜Bâ€™) Chess Cha"]
[Site "Bhopal, Madhya Pradesh-India"]
[Date "2013.10.16"]
[Round "6"]
[Board "17"]
[White "Lalith, Babu M.R."]
[Black "Prakash, G B"]
[Result "1-0"]
[WhiteElo "2583"]
[BlackElo "2255"]
[PlyCount "103"]
[EventDate "2013.10.12"]
[EventRounds "13"]
[EventCountry "IND"]

1. d4 e6 2. c4 Nf6 3. Nf3 Bb4+ 4. Bd2 Bxd2+ 5. Qxd2 d5 6. Nc3 O-O 7. e3 Qe7 8.
Rc1 Rd8 9. Qc2 dxc4 10. Bxc4 c5 11. O-O Nc6 12. Rcd1 Bd7 13. Ne4 cxd4 14. exd4
Rac8 15. Qe2 Be8 16. Nc3 Qc7 17. Bb3 Na5 18. Bc2 Bc6 19. Ne5 Qb6 20. Rfe1 Bd5
21. Bb1 Nc6 22. Nxd5 Rxd5 23. Qc2 Rcd8 24. Rc1 Rxd4 25. Nc4 Qb5 26. a3 g6 27.
h3 Qg5 28. Qb3 R4d7 29. Qc3 Nd5 30. Qf3 Nd4 31. Qg4 Qxg4 32. hxg4 Rc7 33. Ba2
b5 34. Rcd1 bxc4 35. Rxd4 Rdc8 36. Rc1 Nb6 37. Kf1 h6 38. Ke2 Kg7 39. Rc2 Rc5
40. Rd1 Re5+ 41. Kf3 Rcc5 42. Rd4 Re1 43. Re4 Rd1 44. Bxc4 f5 45. gxf5 exf5 46.
Re7+ Kf6 47. Re6+ Kg5 48. Bb3 Rb5 49. Ba2 Ra1 50. Rec6 f4 51. Rxg6+ Kf5 52.
Rxh6 1-0

[Event "51st National Challengers (National â€˜Bâ€™) Chess Cha"]
[Site "Bhopal, Madhya Pradesh-India"]
[Date "2013.10.16"]
[Round "6"]
[Board "18"]
[White "Narayanan, Srinath"]
[Black "Patil, Pratik"]
[Result "0-1"]
[WhiteElo "2475"]
[BlackElo "2237"]
[PlyCount "58"]
[EventDate "2013.10.12"]
[EventRounds "13"]
[EventCountry "IND"]

1. e4 c5 2. Nf3 e6 3. d4 cxd4 4. Nxd4 Nc6 5. Nc3 Qc7 6. f4 a6 7. Nxc6 bxc6 8.
Bd3 Nf6 9. O-O d6 10. Qf3 e5 11. f5 h5 12. Kh1 Bb7 13. Bg5 Be7 14. Rad1 Ng4 15.
Bc1 d5 16. Qg3 d4 17. Na4 c5 18. b3 c4 19. Bxc4 Bxe4 20. h3 Nf6 21. c3 h4 22.
Qxg7 O-O-O 23. Qxf7 Rhg8 24. Rf2 Rg3 25. cxd4 Rdg8 26. Qe6+ Kb8 27. Bf1 Rxh3+
28. Kg1 Qa7 0-1

[Event "51st National Challengers (National â€˜Bâ€™) Chess Cha"]
[Site "Bhopal, Madhya Pradesh-India"]
[Date "2013.10.16"]
[Round "6"]
[Board "19"]
[White "Swapnil, S. Dhopade"]
[Black "Prince, Bajaj"]
[Result "1-0"]
[WhiteElo "2471"]
[BlackElo "2230"]
[PlyCount "49"]
[EventDate "2013.10.12"]
[EventRounds "13"]
[EventCountry "IND"]

1. d4 Nf6 2. c4 e6 3. Nf3 b6 4. g3 Ba6 5. Qc2 Bb7 6. Bg2 c5 7. d5 exd5 8. cxd5
Nxd5 9. O-O Be7 10. Rd1 Nc6 11. Qa4 Nf6 12. e4 O-O 13. e5 Ne8 14. Nc3 Nc7 15.
Be3 f6 16. exf6 Bxf6 17. Rd6 Qe7 18. Rad1 Bd4 19. Nxd4 cxd4 20. R1xd4 Nxd4 21.
Rxd7 Qe8 22. Rxd4 Ne6 23. Bxb7 b5 24. Qxb5 Nxd4 25. Qd5+ 1-0

[Event "51st National Challengers (National â€˜Bâ€™) Chess Cha"]
[Site "Bhopal, Madhya Pradesh-India"]
[Date "2013.10.16"]
[Round "6"]
[Board "20"]
[White "Roy, Prantik"]
[Black "Sangma, Rahul"]
[Result "1/2-1/2"]
[WhiteElo "2238"]
[BlackElo "2394"]
[PlyCount "71"]
[EventDate "2013.10.12"]
[EventRounds "13"]
[EventCountry "IND"]

1. Nf3 Nf6 2. c4 c5 3. g3 b6 4. Bg2 Bb7 5. O-O g6 6. Nc3 Bg7 7. d3 O-O 8. Bd2
Nc6 9. Ne5 Qc8 10. Nxc6 Bxc6 11. Nd5 Nxd5 12. cxd5 Bb7 13. Bc3 e5 14. Qb3 d6
15. a4 Ba6 16. Qa3 f5 17. b4 f4 18. b5 Bb7 19. Qb2 f3 20. Bxf3 Rxf3 21. exf3
Bxd5 22. Qe2 Qf5 23. Rfe1 Bxf3 24. Qf1 d5 25. a5 d4 26. Bd2 Re8 27. axb6 axb6
28. Ra7 g5 29. h3 h5 30. Kh2 g4 31. h4 Bd5 32. Qe2 Bf3 33. Qf1 Rf8 34. Kg1 Bd5
35. Qe2 Bf3 36. Qf1 1/2-1/2

[Event "51st National Challengers (National â€˜Bâ€™) Chess Cha"]
[Site "Bhopal, Madhya Pradesh-India"]
[Date "2013.10.16"]
[Round "6"]
[Board "23"]
[White "Ravichandran, Siddharth"]
[Black "Prasannaa.S, "]
[Result "1-0"]
[WhiteElo "2372"]
[BlackElo "2171"]
[PlyCount "78"]
[EventDate "2013.10.12"]
[EventRounds "13"]
[EventCountry "IND"]

1. e4 e5 2. Nf3 Nc6 3. Bc4 Bc5 4. c3 Nf6 5. d4 exd4 6. cxd4 Bb4+ 7. Bd2 Nxe4 8.
Bxb4 Nxb4 9. Bxf7+ Kxf7 10. Qb3+ d5 11. Qxb4 Rf8 12. Nc3 Kg8 13. Qb3 c5 14.
Nxe4 c4 15. Qc3 dxe4 16. Qxc4+ Kh8 17. Ne5 e3 18. O-O exf2+ 19. Rxf2 Rxf2 20.
Kxf2 Qf6+ 21. Kg1 Be6 22. Qf1 Rc8 23. Qxf6 gxf6 24. Nd3 Rc2 25. Rc1 Rd2 26. Nf4
Bxa2 27. Nh5 Kg8 28. Rc7 Rxb2 29. Nxf6+ Kf8 30. d5 Rd2 31. Rxb7 a5 32. Nxh7+
Ke8 33. Nf6+ Kd8 34. Ra7 a4 35. Rxa4 Bxd5 36. Nxd5 Rxd5 37. Re4 Rd2 38. h4 Kd7
39. Kh2 Kd6 1-0